Indovina il Paese dall’immagine - Statistics

Statistiche generali
  • Questo quiz è stato fatto 385 volte
  • Il punteggio medio è 9 su 16
Statistiche sulle risposte
con Immagini Risposta % Corretto
Brasile
99%
Italia
90%
Cina
88%
Grecia
87%
Francia
86%
Spagna
83%
Giappone
77%
Maldive
64%
Kenya
52%
Marocco
52%
Arabia Saudita
40%
Croazia
19%
Monaco
19%
Cile
18%
Madagascar
14%
Ecuador
6%
Nessun quiz corrispondente trovato
Distribuzione punteggi
Percentuale di utenti per punteggio
Percentile per numero di risposta
I tuoi punteggi nel tempo
Non hai fatto questo quiz